01335nam a2200349 a 4500001001100000003000800011006001900019007001500038008004100053010001700094020004000111020004000151040002100191035002000212050002400232082001600256100002400272245007300296260003400369300002500403490004100428504006600469533015200535650001900687650002300706655002900729700002600758710001700784830004200801856012500843999001700968ebr5006017CaPaEBRm u cr cn|||||||||980219s1998 nyua sb 001 0 eng  z 98013036  z0387984380 (hardcover : alk. paper) z0387984291 (softcover : alk. paper) aCaPaEBRcCaPaEBR a(OCoLC)5485175414aQA564b.H244 1998eb04a516.3/52211 aHarris, Joe,d1951-10aModuli of curvesh[electronic resource] /cJoe Harris, Ian Morrison. aNew York :bSpringer,cc1998. axiii, 366 p. :bill.1 aGraduate tests in mathematics ;v187 aIncludes bibliographical references (p. [345]-354) and index. aElectronic reproduction.bPalo Alto, Calif. :cebrary,d2013.nAvailable via World Wide Web.nAccess may be limited to ebrary affiliated libraries. 0aModuli theory. 0aCurves, Algebraic. 7aElectronic books.2local1 aMorrison, Ian,d1950-2 aebrary, Inc. 0aGraduate texts in mathematics ;v187.40uhttp://site.ebrary.com/lib/rucke/Doc?id=5006017zAn electronic book accessible through the World Wide Web; click to view c21024d21024